00430nam a22001452 4500001001100000005001700011008004100028020002800069040001500097100003000112245006000142260003600202300001600238650003000254000000018520151021151039.0070116s xx 000 0 eng d a0201876969 :cKES 4,150 aKABUcKABU1 aThomas, R. I.@000014827710aModern econometrics :ban introduction /cR. T. Thomas. aLondon :bPrentice Hall,c1997. axii, 535 p. 0aEconometrics.@0000148275